[Event "SR 4. liga A21 2009/2010"]
[Site "?"]
[Date "2010.01.24"]
[Round "7.6"]
[White "Bjel, Lubos"]
[Black "Damborsky, Pavol"]
[Result "1-0"]
[WhiteElo "1621"]
[BlackElo "1667"]
[PlyCount "103"]
[EventDate "2010.??.??"]

1. e4 e5 2. Nf3 d6 3. Bc4 h6 4. c3 Nf6 5. d3 Be7 6. Be3 Bd7 7. Nbd2 O-O 8. Qe2
Bg4 9. h3 Bxf3 10. gxf3 Nh5 11. Rg1 Nf4 12. Bxf4 exf4 13. O-O-O Kh7 14. e5 d5
15. Bb3 c6 16. d4 c5 17. dxc5 Bxc5 18. Ne4 Qb6 19. Nxc5 Qxc5 20. Rxd5 Qe7 21.
Qe4+ Kh8 22. Bc2 g6 23. Qxf4 g5 24. Qf5 f6 25. Qg6 Qg7 26. exf6 Qxg6 27. Bxg6
Rxf6 28. Rd8+ Kg7 29. Be4 Rf7 30. h4 Kf6 31. hxg5+ hxg5 32. Rh1 Rd7 33. Rhh8
Rxd8 34. Rxd8 Ke7 35. Rh8 a5 36. Bxb7 Ra7 37. Rxb8 a4 38. Be4 Ra5 39. Kd2 Kf6
40. c4 Rc5 41. Kd3 Ra5 42. Rb5 Ra6 43. Rf5+ Ke6 44. Rxg5 Rd6+ 45. Bd5+ Kf6 46.
f4 Rb6 47. Kc3 Ke7 48. f5 Rh6 49. Rg7+ Kf6 50. Rg6+ Rxg6 51. fxg6 Kxg6 52. c5
1-0

[Event "SR 4. liga A21 2009/2010"]
[Site "?"]
[Date "2010.01.24"]
[Round "7.6"]
[White "Blanarik, Dominik"]
[Black "Bajcar, Pavol"]
[Result "0-1"]
[WhiteElo "1570"]
[BlackElo "1426"]
[PlyCount "86"]
[EventDate "2010.??.??"]

1. e4 e6 2. d4 d5 3. exd5 exd5 4. Nf3 Nf6 5. Nc3 Bd6 6. Bg5 c6 7. Bd3 O-O 8.
O-O Bg4 9. h3 Bh5 10. g4 Bg6 11. Bxg6 fxg6 12. Qd3 Qc7 13. Rae1 Nbd7 14. Re6
Rfe8 15. Rfe1 Nf8 16. Rxe8 Rxe8 17. Rxe8 Nxe8 18. Qe3 Nf6 19. Kg2 Qe7 20. Qxe7
Bxe7 21. Ne5 Bd6 22. f4 Ne6 23. Nf3 Nxf4+ 24. Bxf4 Bxf4 25. Ne5 Bxe5 26. dxe5
Nd7 27. e6 Nc5 28. e7 Kf7 29. b4 Ne6 30. Kf3 Nd4+ 31. Kf4 Nxc2 32. b5 Na3 33.
Ke5 Nxb5 34. Nxb5 cxb5 35. Kd6 Ke8 36. Kxd5 Kxe7 37. Kc5 Kd7 38. Kxb5 Kd6 39.
a4 g5 40. a5 b6 41. a6 Kd5 42. Kb4 Kc6 43. Kc4 b5+ 0-1

[Event "SR 4. liga A21 2009/2010"]
[Site "?"]
[Date "2010.01.24"]
[Round "7.6"]
[White "Dubecky, Ladislav"]
[Black "Lajda, Dusan"]
[Result "0-1"]
[WhiteElo "1568"]
[BlackElo "1872"]
[PlyCount "64"]
[EventDate "2010.??.??"]

1. e4 c5 2. f4 d6 3. Bc4 e6 4. Nf3 Nc6 5. O-O Nf6 6. d3 Be7 7. c3 O-O 8. a3 a6
9. Be3 Qc7 10. Ba2 Ng4 11. Bd2 Nf6 12. b4 b6 13. Ng5 h6 14. Nf3 Bb7 15. Qc1 Kh7
16. h3 d5 17. e5 Ng8 18. d4 f6 19. Qc2+ f5 20. Be3 cxd4 21. Nxd4 Nxd4 22. Bxd4
a5 23. Nd2 axb4 24. axb4 Bxb4 25. Bb3 Bc5 26. Qd3 Rfc8 27. Rxa8 Rxa8 28. g4 g6
29. gxf5 gxf5 30. Kh2 Bc6 31. c4 dxc4 32. Bxc4 Rd8 {
bohuzial som dostal len jeden partiar a ten je takmer necitatelny} 0-1

[Event "SR 4. liga A21 2009/2010"]
[Site "?"]
[Date "2010.01.24"]
[Round "7.6"]
[White "Kovarik, Oto"]
[Black "Krchnak, Rudolf"]
[Result "1-0"]
[WhiteElo "2053"]
[BlackElo "1914"]
[PlyCount "65"]
[EventDate "2010.??.??"]

1. e4 c5 2. Nf3 d6 3. d4 cxd4 4. Nxd4 Nf6 5. Bd3 Nc6 6. c3 e5 7. Nc2 Be7 8. O-O
O-O 9. Ne3 Be6 10. Nd2 d5 11. exd5 Nxd5 12. Ndc4 f5 13. Nxd5 Qxd5 14. Ne3 Qd7
15. Bc4 Kh8 16. Qxd7 Bxd7 17. Nd5 Be6 18. Rd1 Bxd5 19. Bxd5 Rad8 20. b4 Bf6 21.
Be3 a6 22. Rac1 Nd4 23. Bc4 f4 24. Bd2 Nf5 25. Be6 Nd6 26. c4 Ne4 27. Be1 Nd6
28. a4 b6 29. c5 bxc5 30. bxc5 Ne4 31. Bd5 Ng5 32. Ba5 Rb8 33. c6 1-0

[Event "SR 4. liga A21 2009/2010"]
[Site "?"]
[Date "2010.01.24"]
[Round "7.6"]
[White "Smrek, Peter"]
[Black "Cerovsky, Marian"]
[Result "1-0"]
[WhiteElo "1919"]
[BlackElo "1732"]
[PlyCount "87"]
[EventDate "2010.??.??"]

1. e4 e5 2. Nf3 Nc6 3. Nc3 Nf6 4. Bc4 Bc5 5. d3 h6 6. O-O d6 7. h3 a6 8. a3 b5
9. Ba2 Ne7 10. Be3 Bxe3 11. fxe3 O-O 12. Qe1 Ng6 13. Nh4 Nxh4 14. Qxh4 c6 15.
Rf3 Kh7 16. Raf1 Kg6 17. g4 Ra7 18. R1f2 Be6 19. Rg2 Kh7 20. g5 Ng8 21. g6+
fxg6 22. Qxd8 Rxd8 23. Bxe6 Nf6 24. h4 Re7 25. Ba2 Nh5 26. Bf7 Nf4 27. Rxf4
exf4 28. Bxg6+ Kg8 29. exf4 Rf8 30. Rf2 Re6 31. h5 a5 32. Ne2 c5 33. c3 Rb8 34.
d4 b4 35. d5 Re7 36. axb4 axb4 37. cxb4 Rxb4 38. Nc3 Reb7 39. e5 Kf8 40. exd6
Rxb2 41. Ne4 c4 42. Nc5 Rxf2 43. Kxf2 c3 44. Nxb7 1-0

[Event "SR 4. liga A21 2009/2010"]
[Site "?"]
[Date "2010.02.07"]
[Round "8.1"]
[White "Bjel, Lubos"]
[Black "Vagovic, Milan"]
[Result "1-0"]
[WhiteElo "1621"]
[BlackElo "1654"]
[PlyCount "108"]
[EventDate "2010.??.??"]

1. e4 e5 2. Nf3 Nc6 3. Bc4 Bc5 4. c3 Nf6 5. d3 h6 6. Be3 Bb6 7. Nbd2 d6 8. Qe2
Na5 9. b4 Nxc4 10. Nxc4 Bxe3 11. Nxe3 b6 12. a4 a6 13. O-O O-O 14. c4 c6 15. b5
axb5 16. axb5 Rxa1 17. Rxa1 cxb5 18. cxb5 Bb7 19. Ra7 Qd7 20. Nc4 Rb8 21. Qb2
Qd8 22. Qb4 Ne8 23. g3 d5 24. Ncxe5 dxe4 25. dxe4 Qd1+ 26. Kg2 Nd6 27. Nc6 Re8
28. e5 Bxc6 29. bxc6 Nc8 30. Rd7 Qc2 31. c7 Qc6 32. Rd8 g5 33. Rxe8+ Qxe8 34.
Qg4 Qe6 35. Qxe6 fxe6 36. Nd4 Kf7 37. Kf3 Ke7 38. Kg4 Kd7 39. Nb5 Ne7 40. Kh5
Kc6 41. Nd4+ Kd5 42. Nb5 Kc6 43. Nd6 Kxc7 44. Kxh6 Nc6 45. f4 gxf4 46. gxf4 Nd4
47. h4 b5 48. Nxb5+ Nxb5 49. Kg6 Nd4 50. h5 Ne2 51. Kg5 Ng1 52. h6 Nh3+ 53. Kg4
Nf2+ 54. Kf3 Nh3 1-0

[Event "SR 4. liga A21 2009/2010"]
[Site "?"]
[Date "2010.02.07"]
[Round "8.1"]
[White "Kupkovic, Miroslav"]
[Black "Lajda, Dusan"]
[Result "1/2-1/2"]
[WhiteElo "1690"]
[BlackElo "1872"]
[PlyCount "26"]
[EventDate "2010.??.??"]

1. d4 d5 2. c4 c6 3. cxd5 cxd5 4. Nc3 Nf6 5. Nf3 e6 6. Bf4 Nc6 7. e3 Bb4 8. a3
Bxc3+ 9. bxc3 Ne4 10. Qb3 O-O 11. Be2 a6 12. Ra2 Qa5 13. Rc2 Qd8 1/2-1/2

[Event "SR 4. liga A21 2009/2010"]
[Site "?"]
[Date "2010.02.07"]
[Round "8.1"]
[White "Piestansky, Jan"]
[Black "Bajcar, Pavol"]
[Result "1/2-1/2"]
[WhiteElo "1586"]
[BlackElo "1426"]
[PlyCount "46"]
[EventDate "2010.??.??"]

1. e4 e6 2. Nf3 d5 3. exd5 exd5 4. h3 Nf6 5. d4 Bd6 6. c3 Bf5 7. Bg5 Nbd7 8.
Bd3 Bxd3 9. Qxd3 O-O 10. O-O c6 11. Nbd2 Qc7 12. Rfe1 Rfe8 13. a4 Nh5 14. Rxe8+
Rxe8 15. Re1 Rxe1+ 16. Nxe1 h6 17. Be3 Ndf6 18. Nef3 Qe7 19. Qf5 Qd7 20. Qxd7
Nxd7 21. g3 Kh7 22. Kg2 g6 23. Nh2 Nhf6 1/2-1/2

[Event "SR 4. liga A21 2009/2010"]
[Site "?"]
[Date "2010.02.07"]
[Round "8.1"]
[White "Slaby, Marian"]
[Black "Krchnak, Rudolf"]
[Result "1/2-1/2"]
[WhiteElo "1856"]
[BlackElo "1914"]
[PlyCount "39"]
[EventDate "2010.??.??"]

1. d4 Nf6 2. c4 e5 3. dxe5 Ng4 4. Nf3 Bc5 5. e3 Nc6 6. Nbd2 Ngxe5 7. Nxe5 Nxe5
8. Nf3 Qe7 9. Nxe5 Qxe5 10. Qd5 Bb4+ 11. Ke2 Qxd5 12. cxd5 c5 13. Bd2 Bxd2 14.
Kxd2 d6 15. Bb5+ Bd7 16. Bxd7+ Kxd7 17. g4 Rhe8 18. f3 b5 19. h4 a5 20. h5
1/2-1/2

[Event "SR 4. liga A21 2009/2010"]
[Site "?"]
[Date "2010.02.07"]
[Round "8.1"]
[White "Smrek, Peter"]
[Black "Slaby, Jozef"]
[Result "1-0"]
[WhiteElo "1919"]
[BlackElo "1963"]
[PlyCount "109"]
[EventDate "2010.??.??"]

1. c4 Nf6 2. Nc3 d6 3. e3 g6 4. g3 Bg7 5. Bg2 O-O 6. Nge2 c5 7. d3 Nc6 8. a3
Bd7 9. Rb1 a5 10. h4 Qc8 11. Nf4 Ne5 12. Ncd5 Nxd5 13. Nxd5 Qd8 14. h5 Bc6 15.
f4 Nd7 16. e4 e6 17. Nc3 Nf6 18. Bf3 Qe7 19. Qe2 Rab8 20. Qh2 e5 21. f5 g5 22.
h6 Bh8 23. Nd5 Nxd5 24. cxd5 Bb5 25. Qd2 Bf6 26. Be2 b6 27. Qe3 Rfc8 28. b3 Kf8
29. Rh5 Ke8 30. Qf3 Kd7 31. Qg4 Rg8 32. Bxg5 Kc7 33. Bxf6 Qxf6 34. Qf3 Rg5 35.
Kf2 Rbg8 36. Rh3 Bd7 37. Kg2 Qd8 38. Qe3 f6 39. g4 Be8 40. Kf2 Qb8 41. b4 a4
42. bxc5 dxc5 43. Rhh1 Kd6 44. Rhc1 Qa7 45. Qd2 Bd7 46. d4 exd4 47. Qf4+ Ke7
48. e5 Qb8 49. d6+ Kd8 50. e6 Qa8 51. Rxb6 Rxf5 52. Qxf5 Rg6 53. Qxc5 Qa7 54.
Qc7+ Qxc7 55. dxc7+ 1-0

[Event "SR 4. liga A21 2009/2010"]
[Site "?"]
[Date "2010.02.07"]
[Round "8.2"]
[White "Bartos, Bohumil"]
[Black "Damborsky, Pavol"]
[Result "1/2-1/2"]
[WhiteElo "1572"]
[BlackElo "1667"]
[PlyCount "27"]
[EventDate "2010.??.??"]

1. e4 e5 2. Nf3 d6 3. d4 exd4 4. Nxd4 Nf6 5. Nc3 Be7 6. Be2 Nbd7 7. O-O a6 8.
Nf5 O-O 9. Nxe7+ Qxe7 10. Bg5 h6 11. Bxf6 Nxf6 12. Bf3 c6 13. Re1 Be6 14. Qe2
1/2-1/2

[Event "SR 4. liga A21 2009/2010"]
[Site "?"]
[Date "2010.02.07"]
[Round "8.2"]
[White "Blanarik, Dominik"]
[Black "Baumgartner, Milan"]
[Result "1-0"]
[WhiteElo "1570"]
[BlackElo "1607"]
[PlyCount "73"]
[EventDate "2010.??.??"]

1. e4 e5 2. Nf3 Nc6 3. Bb5 a6 4. Ba4 b5 5. Bb3 Bb7 6. Bd5 d6 7. Nc3 Nf6 8. d3
h6 9. a3 Be7 10. Be3 O-O 11. Qd2 Na5 12. Ba2 c5 13. b4 cxb4 14. axb4 Nc6 15.
Nd5 Kh7 16. h3 Nxd5 17. Bxd5 f5 18. exf5 Na5 19. Be4 Bxe4 20. dxe4 Nc6 21. c3
Bf6 22. Qd5 Qc7 23. O-O Ne7 24. Qd2 Rfd8 25. Rfd1 d5 26. exd5 Nxd5 27. Bc5 Nxb4
28. Bd6 Qb6 29. cxb4 Rac8 30. Bc5 Rxc5 31. bxc5 Qxc5 32. Qe3 Rxd1+ 33. Rxd1 Qc7
34. g4 a5 35. h4 a4 36. g5 b4 37. Qe4 1-0

[Event "SR 4. liga A21 2009/2010"]
[Site "?"]
[Date "2010.02.07"]
[Round "8.2"]
[White "Cerovsky, Marian"]
[Black "Harasta, Juraj"]
[Result "0-1"]
[WhiteElo "1732"]
[BlackElo "1688"]
[PlyCount "64"]
[EventDate "2010.??.??"]

1. e4 e5 2. Nc3 Nf6 3. Nf3 Nc6 4. a3 Bc5 5. Bc4 O-O 6. d3 h6 7. O-O Qe7 8. Be3
Nd4 9. Bxd4 exd4 10. Ne2 c6 11. Nexd4 Rd8 12. Nf5 Qf8 13. Ng3 d5 14. exd5 Nxd5
15. c3 Be6 16. Qc2 Bb6 17. Rae1 Rd7 18. b4 a5 19. Ne5 Re7 20. d4 axb4 21. axb4
Bc7 22. Bxd5 Bxd5 23. c4 Be6 24. f4 Bxe5 25. dxe5 b5 26. cxb5 cxb5 27. f5 Ra2
28. Qc5 Bc4 29. Rf4 Qa8 30. Rfe4 Re8 31. Ne2 Qxe4 32. Qd4 Qxe5 0-1

[Event "SR 4. liga A21 2009/2010"]
[Site "?"]
[Date "2010.02.07"]
[Round "8.2"]
[White "Drabek, Martin"]
[Black "Hanzalik, Alojz"]
[Result "1-0"]
[WhiteElo "1449"]
[BlackElo "1408"]
[PlyCount "99"]
[EventDate "2010.??.??"]

1. e4 c5 2. Nf3 e6 3. d4 cxd4 4. Nxd4 Nc6 5. Nxc6 bxc6 6. Bc4 d6 7. O-O Be7 8.
Be3 Nf6 9. Nc3 O-O 10. Qd2 Qc7 11. a3 Rd8 12. Bf4 Nd7 13. Qe3 e5 14. Bg5 Bxg5
15. Qxg5 Nf6 16. Kh1 h6 17. Qg3 Bg4 18. f4 Be6 19. Bxe6 fxe6 20. fxe5 Nh7 21.
exd6 Qxd6 22. Qg6 Rf8 23. Rad1 Qe7 24. e5 Ng5 25. Ne4 Nxe4 26. Qxe4 Qc5 27. c3
Qb5 28. Rxf8+ Rxf8 29. h3 Qc5 30. Qd4 Qd5 31. Qxd5 cxd5 32. Rd4 Rf5 33. Ra4
Rxe5 34. Rxa7 Re2 35. Rb7 Kf8 36. a4 Re1+ 37. Kh2 Ra1 38. Ra7 Ra2 39. b4 Ra3
40. b5 Rxc3 41. b6 Rb3 42. b7 d4 43. Ra8+ Ke7 44. b8=Q Rxb8 45. Rxb8 e5 46. Kg3
e4 47. Rb4 Ke6 48. Rxd4 Ke5 49. Rd1 g5 50. a5 1-0

[Event "SR 4. liga A21 2009/2010"]
[Site "?"]
[Date "2010.02.07"]
[Round "8.2"]
[White "Vogl, Zdenek"]
[Black "Kovarik, Oto"]
[Result "1/2-1/2"]
[WhiteElo "1887"]
[BlackElo "2053"]
[PlyCount "120"]
[EventDate "2010.??.??"]

1. e4 c5 2. Nf3 e6 3. d4 cxd4 4. Nxd4 a6 5. Nc3 d6 6. Bc4 Nf6 7. Bb3 Be7 8. Bg5
O-O 9. O-O b5 10. Bxf6 Bxf6 11. Nce2 Qb6 12. c3 Bb7 13. Bc2 Nd7 14. Kh1 Nc5 15.
Ng3 b4 16. Qg4 Nd7 17. Nh5 Bxd4 18. cxd4 g6 19. Ba4 Bc6 20. Bxc6 Qxc6 21. Rac1
Qb5 22. Ng3 Rac8 23. Qe2 Qa5 24. b3 Nb6 25. Qb2 Qb5 26. Qe2 Qxe2 27. Nxe2 f5
28. exf5 gxf5 29. Nf4 Kf7 30. Kg1 Kf6 31. f3 e5 32. dxe5+ dxe5 33. Nd3 Nd5 34.
Kf2 a5 35. g3 Nc3 36. Ra1 Rfd8 37. Ke3 Nd5+ 38. Kd2 e4 39. fxe4 Nc3 40. Rxf5+
Kg6 41. Rf4 Rc6 42. Ke3 Re6 43. Rg4+ Kh5 44. h3 Kh6 45. Rf1 Nd5+ 46. Kd2 Nf6
47. Rh4+ Kg7 48. Rff4 h6 49. Ke2 Rde8 50. e5 Nd7 51. Rhg4+ Kh8 52. Kf3 Rxe5 53.
Re4 Rf8+ 54. Rgf4 Rd5 55. Rxf8+ Nxf8 56. Ke3 Nd7 57. Rd4 Nf6 58. Rxd5 Nxd5+ 59.
Kd4 Nc3 60. Nf4 Nxa2 1/2-1/2

[Event "SR 4. liga A21 2009/2010"]
[Site "?"]
[Date "2010.02.07"]
[Round "8.3"]
[White "Fedorko, Tomas"]
[Black "Wallner, Juraj"]
[Result "0-1"]
[WhiteElo "1379"]
[BlackElo "1415"]
[PlyCount "20"]
[EventDate "2010.??.??"]

1. e4 c5 2. Nf3 e6 3. d4 d5 4. exd5 exd5 5. Bb5+ Nc6 6. Be3 cxd4 7. Bxd4 Nf6 8.
Nbd2 Bd7 9. Ne5 Nxe5 10. Bxd7+ Nexd7 0-1

[Event "SR 4. liga A21 2009/2010"]
[Site "?"]
[Date "2010.02.07"]
[Round "8.3"]
[White "Gono, Michal"]
[Black "Jozefovic, Milan"]
[Result "1-0"]
[WhiteElo "1852"]
[BlackElo "1904"]
[PlyCount "123"]
[EventDate "2010.??.??"]

1. d4 d5 2. Bf4 Nf6 3. e3 Nc6 4. c3 e6 5. Nf3 Nh5 6. Ne5 Nxf4 7. exf4 Nxe5 8.
fxe5 c5 9. Bb5+ Bd7 10. Bxd7+ Qxd7 11. O-O Be7 12. Nd2 O-O 13. Qh5 cxd4 14.
cxd4 Qb5 15. b3 f6 16. f4 Qd3 17. Nf3 Qe3+ 18. Kh1 Qxf4 19. g3 Qe4 20. Rfe1 Qd3
21. Rad1 Qc2 22. Rc1 Qxa2 23. Rc7 Qa3 24. Rxb7 Rac8 25. exf6 Bxf6 26. Ng5 Bxg5
27. Qxg5 Rf7 28. Rxf7 Kxf7 29. Qh5+ Kg8 30. Rxe6 Qc1+ 31. Kg2 g6 32. Qxd5 Kg7
33. Qe5+ Kh6 34. Qe3+ Qxe3 35. Rxe3 Rd8 36. Rd3 Rd5 37. Kf3 Rb5 38. Re3 a5 39.
Ke4 Kg7 40. Rf3 Rb4 41. Kd5 a4 42. bxa4 Rxa4 43. Ke5 Ra2 44. h4 h6 45. d5 g5
46. d6 Re2+ 47. Kd5 Rd2+ 48. Kc6 Rc2+ 49. Kb7 Rb2+ 50. Kc8 Rc2+ 51. Kd8 Rd2 52.
d7 gxh4 53. gxh4 Rd4 54. Rc3 Rxh4 55. Kc7 Rd4 56. d8=Q Rxd8 57. Kxd8 Kf6 58.
Rc5 Kg6 59. Ke7 h5 60. Ke6 h4 61. Re5 h3 62. Re3 1-0

[Event "SR 4. liga A21 2009/2010"]
[Site "?"]
[Date "2010.02.07"]
[Round "8.3"]
[White "Klimes, Karel"]
[Black "Strapko, Tomas"]
[Result "1/2-1/2"]
[WhiteElo "1531"]
[BlackElo "1595"]
[PlyCount "91"]
[EventDate "2010.??.??"]

1. e4 c5 2. Nf3 Nc6 3. c3 d5 4. exd5 Qxd5 5. Be2 Nf6 6. d3 e5 7. O-O Be7 8. Be3
O-O 9. Nbd2 Ng4 10. Bg5 f6 11. Bh4 g5 12. Bg3 f5 13. h3 f4 14. Bh2 Nh6 15. d4
Kh8 16. dxe5 Nxe5 17. Nxe5 Qxe5 18. Re1 Nf5 19. Bd3 Qc7 20. Qc2 b6 21. Be4 Bd7
22. Bxa8 Rxa8 23. Rad1 h5 24. Qe4 Rf8 25. Qe5+ Qxe5 26. Rxe5 Bd6 27. Re2 Bc6
28. Rde1 g4 29. hxg4 hxg4 30. Kf1 g3 31. Bg1 gxf2 32. Bxf2 Ne3+ 33. Kg1 Nxg2
34. Re6 Nxe1 35. Rxd6 Nf3+ 36. Nxf3 Bxf3 37. Bh4 Be2 38. Kf2 f3 39. b3 Kg7 40.
Bg5 Rf7 41. Bh6+ Kh7 42. Bg5 Rg7 43. Rh6+ Kg8 44. Be3 Rg2+ 45. Ke1 Bd3 46. Bf2
1/2-1/2

[Event "SR 4. liga A21 2009/2010"]
[Site "?"]
[Date "2010.02.07"]
[Round "8.3"]
[White "Kubik, Peter"]
[Black "Nedorost, Lubomir"]
[Result "1-0"]
[WhiteElo "1723"]
[BlackElo "1620"]
[PlyCount "90"]
[EventDate "2010.??.??"]

1. e4 c5 2. Nf3 Nc6 3. d4 cxd4 4. Nxd4 d6 5. Nc3 g6 6. Be3 Bg7 7. Bc4 Nf6 8. f3
O-O 9. Qd2 Na5 10. Be2 Nc6 11. O-O-O a6 12. h4 Nh5 13. g4 Ng3 14. Rh2 Nxe2+ 15.
Ncxe2 Ne5 16. b3 f6 17. Rg1 Nf7 18. Nf4 Re8 19. Nfe6 Bxe6 20. Nxe6 Qd7 21. Nxg7
Kxg7 22. f4 e6 23. g5 Qe7 24. h5 a5 25. hxg6 hxg6 26. gxf6+ Qxf6 27. e5 Qe7 28.
Rhg2 Nh8 29. exd6 Qf6 30. Bd4 e5 31. fxe5 Rxe5 32. Bxe5 Qxe5 33. Kb1 Rd8 34. d7
b6 35. Re1 Qf5 36. Qd4+ Qf6 37. Re7+ Nf7 38. Rxf7+ Kxf7 39. Rf2 Qxf2 40. Qxf2+
Ke7 41. Qxb6 Rxd7 42. Qxg6 Rd6 43. Qg5+ Ke6 44. Qxa5 Rd5 45. Qxd5+ Kxd5 1-0

[Event "SR 4. liga A21 2009/2010"]
[Site "?"]
[Date "2010.02.07"]
[Round "8.3"]
[White "Nemsak, Denis"]
[Black "Klimesova, Lucia"]
[Result "1-0"]
[WhiteElo "1645"]
[BlackElo "1522"]
[PlyCount "73"]
[EventDate "2010.??.??"]

1. c4 d6 2. Nc3 g6 3. e4 Bg7 4. d4 e5 5. d5 Nf6 6. f4 O-O 7. fxe5 dxe5 8. Nf3
Ne8 9. Bd3 f5 10. O-O f4 11. b4 Bg4 12. Qb3 Bxf3 13. Rxf3 g5 14. c5 Kh8 15. Ne2
g4 16. Rf1 f3 17. Ng3 fxg2 18. Rxf8+ Bxf8 19. Bb2 Bg7 20. Nf5 Qg5 21. Qc2 a5
22. b5 Nd7 23. c6 bxc6 24. bxc6 Nb6 25. Qxg2 h5 26. Ba3 Bf6 27. Bc5 Rb8 28. Rb1
Ng7 29. Be3 Qg6 30. d6 Bd8 31. Bxb6 cxb6 32. c7 Bxc7 33. dxc7 Rc8 34. Ne7 Qe6
35. Nxc8 Qxc8 36. Rc1 Ne6 37. Ba6 1-0

[Event "SR 4. liga A21 2009/2010"]
[Site "?"]
[Date "2010.02.07"]
[Round "8.4"]
[White "Beran, Jan ml"]
[Black "Orvisky, Vladimir"]
[Result "1-0"]
[WhiteElo "1931"]
[BlackElo "1883"]
[PlyCount "111"]
[EventDate "2010.??.??"]

1. e4 Nf6 2. Nc3 e5 3. Nf3 Nc6 4. Bb5 d6 5. O-O Be7 6. d4 exd4 7. Nxd4 Bd7 8.
Re1 Nxd4 9. Qxd4 c6 10. Bc4 b5 11. Be2 O-O 12. e5 dxe5 13. Qxe5 Be6 14. Bf4 b4
15. Ne4 Nxe4 16. Qxe4 Bd5 17. Qe3 Bf6 18. c4 bxc3 19. bxc3 Re8 20. Qc5 Qc8 21.
h3 Qf5 22. Bg3 Qc2 23. Bf1 Qxc3 24. Rxe8+ Rxe8 25. Qxc3 Bxc3 26. Rc1 Bd4 27. a4
Rc8 28. Ba6 Re8 29. Bb7 Re6 30. Rd1 Bf6 31. a5 h5 32. Bb8 Bc3 33. a6 Rg6 34. g3
h4 35. Rd3 Bb4 36. Bxa7 hxg3 37. Rxg3 Rxg3+ 38. fxg3 Bc4 39. Be3 Bxa6 40. Bxa6
c5 41. Bc4 Kf8 42. Kf2 Ke7 43. Kf3 f6 44. Ke4 Be1 45. Bxc5+ Ke8 46. g4 Bh4 47.
Kf5 Bg5 48. Kg6 Bh6 49. Bd3 Kd7 50. Bf8 Ke6 51. Bxg7 Bxg7 52. Kxg7 Ke5 53. Bf5
Kf4 54. Kxf6 Kg3 55. g5 Kh4 56. g6 1-0

[Event "SR 4. liga A21 2009/2010"]
[Site "?"]
[Date "2010.02.07"]
[Round "8.4"]
[White "Gubis, Vladimir"]
[Black "Palka, Martin"]
[Result "1-0"]
[WhiteElo "1786"]
[BlackElo "1889"]
[PlyCount "95"]
[EventDate "2010.??.??"]

1. d4 Nf6 2. c4 g6 3. Nc3 d5 4. cxd5 Nxd5 5. e4 Nb6 6. Be3 Bg7 7. Qd2 O-O 8. h3
Nc6 9. Nf3 Bd7 10. Be2 Re8 11. O-O e5 12. d5 Ne7 13. Bh6 Bh8 14. Ng5 f6 15. Ne6
Bxe6 16. dxe6 Qxd2 17. Bxd2 c6 18. a4 a5 19. Be3 Nbc8 20. Rad1 b6 21. Rd7 Bg7
22. Rfd1 Rb8 23. Rc7 Bf8 24. h4 h6 25. f4 Bg7 26. fxe5 fxe5 27. g4 Bf6 28. g5
hxg5 29. hxg5 Bg7 30. Rdd7 Bf8 31. Rd1 Bg7 32. Rcd7 Bf8 33. Bc4 Bg7 34. b3 Bf8
35. R1d2 Bg7 36. Ba6 Bf8 37. Kf1 Ra8 38. Bc4 Rb8 39. Ke1 Bg7 40. Kd1 Bf8 41.
Kc2 Bg7 42. Ba6 Ra8 43. Bb7 Rb8 44. Nd1 Bf8 45. Nf2 b5 46. Ng4 Bg7 47. Nf6+
Bxf6 48. gxf6 1-0

[Event "SR 4. liga A21 2009/2010"]
[Site "?"]
[Date "2010.02.07"]
[Round "8.4"]
[White "Lanik, Miroslav"]
[Black "Sedlak, Rastislav"]
[Result "1-0"]
[WhiteElo "1745"]
[BlackElo "1562"]
[PlyCount "117"]
[EventDate "2010.??.??"]

1. e4 e5 2. Nf3 Nc6 3. Bb5 a6 4. Ba4 Nf6 5. O-O Bc5 6. Nxe5 Nxe5 7. d4 Bd6 8.
dxe5 Bxe5 9. f4 Bd6 10. e5 Bc5+ 11. Kh1 Ne4 12. Qe2 Nf2+ 13. Rxf2 Bxf2 14. Qxf2
O-O 15. Nc3 d5 16. exd6 Qxd6 17. Be3 Bf5 18. Bc5 Qg6 19. Bxf8 Rxf8 20. Nd5 Qd6
21. Bb3 b5 22. Re1 Be6 23. Nc3 Bd7 24. Rd1 Qe7 25. Qe2 Qxe2 26. Nxe2 Bg4 27.
Rd2 Re8 28. Ng1 c5 29. Bd5 g6 30. h3 Bf5 31. Nf3 h5 32. Ne5 Be6 33. Bxe6 Rxe6
34. Nf3 f6 35. Kg1 Re4 36. g3 Kf7 37. Kf2 Ke6 38. Re2 Kd5 39. Rd2+ Kc6 40. Rd8
Re6 41. Rg8 g5 42. fxg5 fxg5 43. Rxg5 Rh6 44. Ne5+ Kb6 45. Rg6+ Rxg6 46. Nxg6
b4 47. Ke2 c4 48. Nf4 Kc5 49. Nxh5 a5 50. Kd2 Kd4 51. Nf4 a4 52. c3+ bxc3+ 53.
bxc3+ Ke4 54. h4 Kf5 55. h5 Kg5 56. g4 Kh6 57. Ke3 Kg5 58. Kd4 Kxf4 59. h6 1-0

[Event "SR 4. liga A21 2009/2010"]
[Site "?"]
[Date "2010.02.07"]
[Round "8.4"]
[White "Turza, Marian"]
[Black "Bajanik, Samuel"]
[Result "1/2-1/2"]
[WhiteElo "1000"]
[BlackElo "1000"]
[PlyCount "43"]
[EventDate "2010.??.??"]

1. e4 e5 2. Nf3 Nc6 3. Bb5 Nf6 4. O-O Nxe4 5. d4 exd4 6. Nxd4 Nxd4 7. Qxd4 Nf6
8. Bg5 c6 9. Ba4 d5 10. c3 Be7 11. Re1 Be6 12. Nd2 O-O 13. Nf3 h6 14. Bxh6 gxh6
15. Qf4 Nh5 16. Qxh6 Ng7 17. Bc2 Nf5 18. Qh3 Qd7 19. Qh5 Kg7 20. Qg4+ Kh7 21.
Qh5+ Kg7 22. Qg4+ 1/2-1/2

[Event "SR 4. liga A21 2009/2010"]
[Site "?"]
[Date "2010.02.07"]
[Round "8.4"]
[White "Veres, Marcel"]
[Black "Tokos, Rastislav"]
[Result "0-1"]
[WhiteElo "1526"]
[BlackElo "1926"]
[PlyCount "152"]
[EventDate "2010.??.??"]

1. e4 c5 2. c4 Nc6 3. Nc3 g6 4. d3 Bg7 5. Nf3 d6 6. Be2 e6 7. Bf4 Nge7 8. O-O
a6 9. Qd2 Nd4 10. Bh6 Nxf3+ 11. Bxf3 O-O 12. Bxg7 Kxg7 13. Qf4 Nc6 14. Nd1 Nd4
15. e5 f6 16. exd6 e5 17. Qe4 Qxd6 18. Ne3 Rb8 19. Qd5 Rd8 20. Qxd6 Rxd6 21.
Bd5 Ne2+ 22. Kh1 Nf4 23. Rad1 f5 24. f3 Kf6 25. a3 Be6 26. Bxe6 Kxe6 27. Nd5
Nxd5 28. cxd5+ Rxd5 29. Rfe1 Kd6 30. Kg1 b5 31. b3 Rc8 32. Kf2 c4 33. dxc4 bxc4
34. Rxd5+ Kxd5 35. bxc4+ Rxc4 36. Rd1+ Rd4 37. Rc1 Rd3 38. Rc7 Rxa3 39. Rxh7 f4
40. Rg7 Ra2+ 41. Kf1 Kd4 42. Rd7+ Ke3 43. Rd1 Rf2+ 44. Kg1 Rd2 45. Re1+ Re2 46.
Ra1 Rb2 47. h3 Rb6 48. Ra3+ Kd4 49. Ra4+ Kc5 50. Ra5+ Kb4 51. Rxe5 Rf6 52. Re4+
Kb3 53. Re5 Rb6 54. Kh2 Rb5 55. Re6 a5 56. Rxg6 a4 57. Ra6 Kb4 58. g3 fxg3+ 59.
Kxg3 Ra5 60. Rb6+ Kc3 61. Rc6+ Kd4 62. Rc1 a3 63. Ra1 Kc3 64. f4 Kb2 65. Rh1 a2
66. Kg4 a1=Q 67. Rxa1 Rxa1 68. h4 Kc3 69. f5 Kd4 70. Kg5 Ke5 71. h5 Rg1+ 72.
Kh6 Kf6 73. Kh7 Kf7 74. h6 Rh1 75. f6 Rh2 76. Kh8 Rxh6# 0-1

[Event "SR 4. liga A21 2009/2010"]
[Site "?"]
[Date "2009.12.19"]
[Round "8.5"]
[White "Gavlas, Jakub"]
[Black "Tokoly, Daniel"]
[Result "0-1"]
[WhiteElo "1417"]
[BlackElo "1456"]
[PlyCount "80"]
[EventDate "2010.??.??"]

1. e4 e5 2. Nf3 Nc6 3. Bc4 Bc5 4. d3 d6 5. Nc3 Be6 6. Bb3 Nf6 7. Bg5 Qe7 8. O-O
h6 9. Bxf6 Qxf6 10. Nd5 Bxd5 11. Bxd5 O-O 12. Qd2 Nd4 13. Nxd4 Bxd4 14. Bxb7
Rab8 15. Qb4 $4 c5 16. Qb5 Qe7 17. c3 Rxb7 18. Qa4 Rxb2 19. cxd4 cxd4 20. Qa3
Rfb8 21. Rac1 R8b6 22. h3 Qb7 23. g3 Ra6 24. Qxb2 Qxb2 25. Rb1 Qc2 26. Rbd1
Rxa2 27. Kg2 a5 28. Kg1 a4 29. Kg2 a3 30. Kg1 Rb2 31. Ra1 a2 32. Rac1 Qxc1 33.
Rxc1 Rb1 34. Rxb1 axb1=Q+ 35. Kg2 Qxd3 36. h4 Qxe4+ 37. Kg1 d3 38. Kf1 d2 39.
Kg1 d1=Q+ 40. Kh2 Qdh1# 0-1

[Event "SR 4. liga A21 2009/2010"]
[Site "?"]
[Date "2009.12.19"]
[Round "8.5"]
[White "Nemeckayova, Monika"]
[Black "Skapik, Branislav"]
[Result "1-0"]
[WhiteElo "1751"]
[BlackElo "1847"]
[PlyCount "85"]
[EventDate "2010.??.??"]

1. d4 f5 2. g3 g6 3. Bg2 Bg7 4. c4 d6 5. Nc3 Nf6 6. Nf3 O-O 7. O-O Qe8 8. Bf4
Nbd7 9. Qd2 Ng4 10. h3 e5 11. hxg4 exf4 12. Qxf4 fxg4 13. Qxg4 Ne5 14. Qh4 Nxc4
15. Ng5 h6 16. Bd5+ Kh8 17. Bxc4 Rf5 18. Nf3 Rh5 19. Qe4 Qd7 20. Nh4 Rxh4 21.
Qxh4 Qf5 22. Qe4 Qxe4 23. Nxe4 Bf5 24. Nc3 Bxd4 25. Kg2 Rf8 26. Bd3 Bg4 27. f3
Bd7 28. Bxg6 Rg8 29. Bf7 Rg7 30. Bb3 c6 31. Rad1 c5 32. Ne4 Bb5 33. Rd2 Rg6 34.
Rfd1 Be5 35. Kf2 c4 36. Bc2 Rg7 37. f4 Bxb2 38. Rxd6 Re7 39. Rxh6+ Kg7 40. Rdd6
Be8 41. Rhe6 Rxe6 42. Rxe6 Bf7 43. Re7 1-0